| Tag |
First Indicator |
Second Indicator |
Subfields |
| LEADER |
00000cam a2200000 a 4500 |
| 001 |
in00000097018 |
| 005 |
20150924084908.0 |
| 008 |
820115r1980 enk 00010 eng d |
| 020 |
|
|
|a 041347450X
|
| 035 |
|
|
|a (OCoLC)08068230
|
| 035 |
|
|
|9 AAK8887AM
|
| 040 |
|
|
|a WIM
|c WIM
|d TXA
|d UtOrBLW
|
| 049 |
|
|
|a TXAM
|c [1673639]
|
| 090 |
|
|
|a PR6017 S5
|b S6 1980
|
| 100 |
1 |
|
|a Isherwood, Christopher,
|d 1904-1986.
|
| 245 |
1 |
2 |
|a A single man /
|c Christopher Isherwood.
|
| 264 |
|
1 |
|a London :
|b Eyre Methuen,
|c 1980
|
| 264 |
|
4 |
|c ©1964
|
| 300 |
|
|
|a 157 pages ;
|c 21 cm.
|
| 336 |
|
|
|a text
|b txt
|2 rdacontent
|
| 337 |
|
|
|a unmediated
|b n
|2 rdamedia
|
| 338 |
|
|
|a volume
|b nc
|2 rdacarrier
|
| 500 |
|
|
|a Originally published: London : Methuen, 1964.
|
| 999 |
|
|
|a MARS
|
| 999 |
f |
f |
|s a4380a63-7ff9-3b85-ba7b-03584a1fb672
|i 7d57343d-cde1-3899-b212-600309a27835
|t 0
|
| 952 |
f |
f |
|p normal
|a Texas A&M University
|b College Station
|c Sterling C. Evans Library
|d Evans: Library Stacks
|t 0
|e PR6017 S5 S6 1980
|h Library of Congress classification
|i unmediated -- volume
|m A14806026108
|
| 998 |
f |
f |
|a PR6017 S5 S6 1980
|t 0
|l Evans: Library Stacks
|